Asuntos tapatíos /
Este libro se compone de capítulos breves en los cuales se abordan temas diversos relativos a la historia de la ciudad de Guadalajara, por ejemplo biografías de personajes ilustres, la enseñanza del náhuatl en la región, lugares históricos, centros de diversión, la arquitectura en la ciudad, etc.
I tiakina i:
| Kaituhi matua: | |
|---|---|
| Ētahi atu kaituhi: | |
| Hōputu: | Pukapuka |
| Reo: | Pāniora |
| I whakaputaina: |
Guadalajara, México :
Ayuntamiento de Guadalajara,
1987, c1987
|
| Rangatū: | (Raíces Tapatías)
|
| Ngā marau: | |
| Ngā Tūtohu: |
Kāore He Tūtohu, Me noho koe te mea tuatahi ki te tūtohu i tēnei pūkete!
|
MARC
| LEADER | 00000nam^a2200000^a^4500 | ||
|---|---|---|---|
| 001 | 000368379 | ||
| 005 | 20250521000000.0 | ||
| 009 | 20260310115806.715 | ||
| 025 | |a Donación Ignacio González Luna, 1 ejemplar | ||
| 037 | |a Acervo ITESO - Biblioteca | ||
| 041 | |a ESP | ||
| 082 | |a 972. 352 |b RAI V. 3 | ||
| 100 | |a Ayón Zester, Francisco |e (autor) | ||
| 245 | 1 | 0 | |a Asuntos tapatíos / |c F. Ayón Zester ; presen. de E. Ruiz Orozco. |
| 264 | 4 | |a Guadalajara, México : |b Ayuntamiento de Guadalajara, |c 1987, c1987 | |
| 300 | |a 138 p. | ||
| 336 | |a texto |b txt |2 rdacontenido | ||
| 337 | |a sin mediación |b n |2 rdamedio | ||
| 338 | |a volumen |b nc |2 rdasoporte | ||
| 440 | 1 | |a (Raíces Tapatías) | |
| 520 | |a Este libro se compone de capítulos breves en los cuales se abordan temas diversos relativos a la historia de la ciudad de Guadalajara, por ejemplo biografías de personajes ilustres, la enseñanza del náhuatl en la región, lugares históricos, centros de diversión, la arquitectura en la ciudad, etc. | ||
| 649 | |a XX | ||
| 650 | |a Personajes Históricos - |z Guadalajara, Jalisco - |x Biografías - |x Tema Principal | ||
| 650 | |a Personajes Históricos - |z Jalisco - |x Biografías | ||
| 650 | |a Personajes Históricos - |z México - |x Biografías | ||
| 650 | |a Vida Cotidiana - |z Guadalajara, Jalisco - |x Historia - |x Tema Principal | ||
| 650 | |a Vida Cotidiana - |z Jalisco - |x Historia | ||
| 650 | |a Vida Cotidiana - |z México - |x Historia | ||
| 650 | |a Prácticas Culturales - |z Guadalajara, Jalisco - |x Historia | ||
| 650 | |a Prácticas Culturales - |z Jalisco - |x Historia | ||
| 650 | |a Prácticas Culturales - |z México - |x Historia | ||
| 650 | |a Arquitectura Jalisciense - |x Historia y Crítica | ||
| 650 | |a Arquitectura Mexicana - |x Historia y Crítica | ||
| 650 | |a Arte Jalisciense - |x Historia y Crítica | ||
| 650 | |a Arte Mexicano - |x Historia y Crítica | ||
| 650 | |a Guadalajara, Jalisco - |x Descripción | ||
| 650 | |a Jalisco - |x Descripción | ||
| 650 | |a México - |x Descripción | ||
| 650 | |a Guadalajara, Jalisco - |x Condiciones Sociales y Culturales | ||
| 650 | |a Guadalajara, Jalisco - |x Historia - |x Tema Principal | ||
| 650 | |a Jalisco - |x Historia | ||
| 650 | |a México - |x Historia | ||
| 650 | |a Ibarra, Fortino Jaime | ||
| 650 | |a Bárcena, Mariano | ||
| 650 | |a Melo, Rafael | ||
| 650 | |a Romo de Vivar y Pimienta, María de Jesús | ||
| 700 | |a Ruiz Orozco, Eugenio |e (presentación) | ||
| 910 | |a Fondo Ignacio González Luna Morfín | ||
| 920 | |a Impresos - Libros | ||
| 930 | |a Fondos Especiales | ||
| 905 | |a 136 | ||
| 901 | |a 0500262371 |b IT2 |c ESP |i D |u 20250521 | ||
| 902 | |a https://opac.biblio.iteso.mx/vufind/Record/000368379 | ||